[Event "Women's Speed Chess Q5"]
[Site "chess.com INT"]
[Date "2021.06.04"]
[Round "9"]
[White "Sedina, Elena"]
[Black "Farhat Willemstein, Stela Souza"]
[Result "1-0"]
[WhiteTitle "IM"]
[BlackTitle "WFM"]
[WhiteElo "2294"]
[BlackElo "1758"]
[WhiteFideId "812153"]
[BlackFideId "2109808"]
[EventDate "2021.06.04"]

1. e4 g6 2. d4 Bg7 3. Nc3 Nf6 4. e5 Ng8 5. f4 d6 6. Nf3 dxe5 7. fxe5 Bg4 8. Bc4
e6 9. Be3 Qd7 10. O-O Nc6 11. h3 Bxf3 12. Qxf3 a6 13. Rad1 Nh6 14. g4 O-O-O 15.
Ne4 Rhf8 16. Nc5 Qe7 17. Bxa6 Na5 18. Nxb7 Nxb7 19. Qxb7+ Kd7 20. Bb5# 1-0

[Event "Women's Speed Chess Q5"]
[Site "chess.com INT"]
[Date "2021.06.04"]
[Round "9"]
[White "Tomilova, Elena"]
[Black "Buksa, Nataliya"]
[Result "1-0"]
[WhiteTitle "WGM"]
[BlackTitle "IM"]
[WhiteElo "2353"]
[BlackElo "2413"]
[WhiteFideId "4162340"]
[BlackFideId "14123622"]
[EventDate "2021.06.04"]

1. d4 d5 2. c4 e6 3. Nc3 Be7 4. Nf3 Nf6 5. Bf4 O-O 6. e3 b6 7. a3 c5 8. Qc2 dxc4
9. Bxc4 Ba6 10. Bxa6 Nxa6 11. Rd1 Qe8 12. O-O Rc8 13. d5 exd5 14. Nxd5 Nxd5 15.
Rxd5 Nc7 16. Bxc7 Rxc7 17. Rfd1 Bf6 18. e4 Re7 19. Re1 Qc6 20. b3 Rfe8 21. Qd3
Bd4 22. Qc4 Bb2 23. a4 h6 24. h4 Qg6 25. e5 Qf5 26. e6 Qf6 27. exf7+ Qxf7 28.
Rxe7 Rxe7 29. Rd8+ Kh7 30. Qc2+ Qg6 31. Rh8+ Kxh8 32. Qxg6 1-0

[Event "Women's Speed Chess Q5"]
[Site "chess.com INT"]
[Date "2021.06.04"]
[Round "9"]
[White "Smietanska, Wiktoria"]
[Black "Ziegenfuss, Antonia"]
[Result "0-1"]
[WhiteTitle "CM"]
[BlackTitle "WFM"]
[WhiteElo "1802"]
[BlackElo "2157"]
[WhiteFideId "21869359"]
[BlackFideId "12962554"]
[EventDate "2021.06.04"]

1. c4 c5 2. Nf3 Nf6 3. Nc3 d5 4. cxd5 Nxd5 5. d4 cxd4 6. Qxd4 Nxc3 7. Qxd8+ Kxd8
8. bxc3 f6 9. e4 e5 10. Bc4 Nc6 11. O-O Bc5 12. Rd1+ Ke7 13. Rd5 Rd8 14. Rxc5
Rd1+ 15. Bf1 Be6 16. Bb2 Rad8 17. Nd4 Rxa1 18. Nxc6+ bxc6 19. Bxa1 Kd6 20. Ra5
Rb8 21. Bd3 Rb7 22. Kf1 g6 23. Ke2 f5 24. c4 c5 25. Ra6+ Ke7 26. Bxe5 fxe4 27.
Bxe4 Bxc4+ 28. Bd3 Bxa6 29. Bxa6 Rb6 30. Bc4 Rb4 31. Kd3 Rb1 32. Bf4 Rg1 33. g3
Rg2 34. Be3 Kd6 35. h4 Rg1 36. f3 Rf1 37. f4 Rf3 38. Ke4 Rxg3 39. f5 gxf5+ 40.
Kf4 Rg4+ 41. Kxf5 Rxc4 42. Bf4+ Ke7 43. Bg5+ Kf7 44. h5 Ra4 0-1

[Event "Women's Speed Chess Q5"]
[Site "chess.com INT"]
[Date "2021.06.04"]
[Round "9"]
[White "Campos, Maria Jose"]
[Black "Grigoryan, Meri"]
[Result "1-0"]
[WhiteTitle "WFM"]
[BlackTitle "WFM"]
[WhiteElo "2133"]
[BlackElo "2044"]
[WhiteFideId "146803"]
[BlackFideId "13300571"]
[EventDate "2021.06.04"]

1. c4 d5 2. cxd5 c6 3. dxc6 Nxc6 4. Nc3 Nf6 5. g3 e5 6. Bg2 Bc5 7. Nf3 O-O 8.
O-O e4 9. Ng5 Bf5 10. Ngxe4 Nxe4 11. Nxe4 Bxe4 12. Bxe4 f5 13. Bg2 f4 14. Qb3+
Kh8 15. Qd5 Qxd5 16. Bxd5 Nd4 17. e3 Ne2+ 18. Kg2 Rad8 19. Bf3 fxe3 20. dxe3
Nxc1 21. Raxc1 b6 22. Rfd1 Rfe8 23. Bc6 Rf8 24. a3 a5 25. Bd7 h6 26. Rd5 Rf6 27.
Rc4 Rdf8 28. Rf4 Rxf4 29. gxf4 Rd8 30. Kf3 g6 31. Ke4 Kg7 32. Ke5 Be7 33. Ke6
Bh4 34. Rd2 Rf8 35. Ba4 Rf6+ 36. Ke5 Rf8 37. Rd7+ Kh8 38. f3 Bf2 39. e4 Bc5 40.
Rb7 Be3 41. f5 gxf5 42. exf5 Re8+ 43. Bxe8 1-0

[Event "Women's Speed Chess Q5"]
[Site "chess.com INT"]
[Date "2021.06.04"]
[Round "9"]
[White "Zakirova, Aisha"]
[Black "Nandhidhaa, P V"]
[Result "1-0"]
[WhiteTitle "WCM"]
[BlackTitle "WGM"]
[WhiteElo "1585"]
[BlackElo "2365"]
[WhiteFideId "13719734"]
[BlackFideId "5050847"]
[EventDate "2021.06.04"]

1. d4 c5 2. d5 e5 3. c4 d6 4. Nc3 Be7 5. e4 Bg5 6. Nf3 Bxc1 7. Rxc1 Ne7 8. h3
O-O 9. Bd3 Ng6 10. g3 Na6 11. a3 Nc7 12. Be2 Bd7 13. Nd2 f5 14. exf5 Bxf5 15.
Nde4 Ne8 16. h4 Nf6 17. Nxf6+ Qxf6 18. O-O Bh3 19. Ne4 Qe7 20. Re1 Nxh4 21. gxh4
Qxh4 22. Ng3 Rxf2 23. Kxf2 Rf8+ 24. Bf3 Bg4 25. Rh1 Qg5 26. Rc3 h5 27. Kg2 Rf4
28. Bxg4 Rxg4 29. Qc1 Qg6 30. Rf3 h4 31. Qf1 Rxg3+ 32. Kh2 e4 33. Rf8+ Kh7 34.
Qf5 Rg2+ 35. Kh3 Rxb2 36. Rh8+ Kxh8 37. Qxg6 Rb3+ 38. Kxh4 1-0

[Event "Women's Speed Chess Q5"]
[Site "chess.com INT"]
[Date "2021.06.04"]
[Round "9"]
[White "Von Herman, Brigitte"]
[Black "Soumya, Swaminathan"]
[Result "1-0"]
[WhiteTitle "WFM"]
[BlackTitle "IM"]
[WhiteElo "1991"]
[BlackElo "2351"]
[WhiteFideId "4628730"]
[BlackFideId "5016193"]
[EventDate "2021.06.04"]

1. e4 c5 2. c3 Nf6 3. e5 Nd5 4. d4 cxd4 5. Nf3 Nc6 6. Bc4 Nb6 7. Bb3 d6 8. exd6
Qxd6 9. O-O d3 10. Na3 Na5 11. Nb5 Qb8 12. Qxd3 Nxb3 13. axb3 a6 14. Rd1 Bd7 15.
Nbd4 e6 16. Bg5 Be7 17. Bxe7 Kxe7 18. Re1 g6 19. Qe3 h6 20. Nxe6 Bxe6 21. Qxb6
Kf8 22. Nd4 Bd7 23. Qc5+ Kg7 24. Re7 Rd8 25. Rae1 Kg8 26. Qc4 Be8 27. Qe2 1-0

[Event "Women's Speed Chess Q5"]
[Site "chess.com INT"]
[Date "2021.06.04"]
[Round "9"]
[White "Gevorgyan, Maria"]
[Black "Pavlidou, Ekaterini"]
[Result "1-0"]
[WhiteTitle "WGM"]
[BlackTitle "WIM"]
[WhiteElo "2219"]
[BlackElo "2157"]
[WhiteFideId "13300270"]
[BlackFideId "4213262"]
[EventDate "2021.06.04"]

1. e4 c5 2. Nc3 Nc6 3. Bb5 Nd4 4. Bc4 e6 5. Nge2 a6 6. a4 Ne7 7. O-O Nec6 8. d3
d6 9. f4 Be7 10. Ng3 O-O 11. f5 Bf6 12. Nh5 Be5 13. f6 g6 14. Bh6 Re8 15. Bg7 d5
16. exd5 exd5 17. Bxd5 Be6 18. Qd2 Bxd5 19. Qh6 Ne6 20. Rae1 Qd6 21. Ng3 Ncd4
22. Nge4 Bxh2+ 23. Kh1 Bxe4 24. Nxe4 Bf4 25. Nxd6 Bxh6 26. Nxe8 Bxg7 27. Nxg7
Nxg7 28. fxg7 Kxg7 29. Re7 Nf5 30. Rxb7 Ng3+ 31. Kg1 Nxf1 32. Kxf1 Re8 33. Rc7
Re5 34. Rc6 Rf5+ 35. Kg1 a5 36. c4 Rf6 37. Rxc5 Rb6 38. Rb5 Rd6 39. Rxa5 Rxd3
40. Rb5 h5 41. a5 Rd1+ 42. Kh2 Ra1 43. b4 Kh6 44. Rb6 f5 45. a6 Kg5 46. b5 f4
47. Rb7 Ra2 48. Rf7 Kg4 49. a7 g5 50. b6 h4 51. b7 h3 52. b8=Q Rxg2+ 53. Kh1 Kg3
54. Qb3+ Kg4 55. Rh7 Rg3 56. Qd1+ 1-0

[Event "Women's Speed Chess Q5"]
[Site "chess.com INT"]
[Date "2021.06.04"]
[Round "9"]
[White "Batsiashvili, Nino"]
[Black "Balabayeva, Xeniya"]
[Result "1-0"]
[WhiteTitle "GM"]
[BlackTitle "WFM"]
[WhiteElo "2491"]
[BlackElo "2116"]
[WhiteFideId "13602993"]
[BlackFideId "13719688"]
[EventDate "2021.06.04"]

1. c4 e5 2. Nc3 Bb4 3. Nf3 Bxc3 4. bxc3 d6 5. e4 Nf6 6. d3 Be6 7. g3 Nbd7 8. Bg2
O-O 9. O-O h6 10. Nh4 Nh7 11. Nf5 Bxf5 12. exf5 c6 13. g4 Qf6 14. Qf3 Ng5 15.
Qg3 Nh7 16. h4 Nc5 17. Bd2 Kh8 18. Rae1 Rae8 19. Bh3 g5 20. fxg6 Qxg6 21. Re3 f5
22. gxf5 Qf6 23. Kh1 Rg8 24. Qh2 Qxh4 25. Bg2 Qxh2+ 26. Kxh2 Rgf8 27. Rh3 Rxf5
28. Bxh6 Rf6 29. Be3 Ree6 30. Bxc5 dxc5 31. Be4 Rh6 32. a4 Ng5 33. Rxh6+ Rxh6+
34. Kg3 Nxe4+ 35. dxe4 Rd6 36. Rb1 b6 37. a5 Rd3+ 38. Kg4 bxa5 39. Rb7 Rxc3 40.
Rxa7 Rxc4 41. Kf5 Rc2 42. f3 Rc3 43. Kxe5 Rxf3 44. Rxa5 c4 45. Rc5 c3 46. Ke6
Kg7 47. e5 Rd3 48. Rxc6 Kf8 49. Rc8+ Kg7 50. Ke7 Re3 51. e6 Kg6 52. Rc5 Rd3 53.
Ke8 Kf6 54. e7 Re3 55. Rc6+ Kg7 56. Rc4 Kf6 57. Rf4+ Kg7 58. Rf2 Rd3 59. Rg2+
Kf6 60. Kf8 Rd2 61. Rg1 Rh2 62. e8=Q Rh8+ 63. Rg8 Rxg8+ 64. Kxg8 1-0

[Event "Women's Speed Chess Q5"]
[Site "chess.com INT"]
[Date "2021.06.04"]
[Round "9"]
[White "Kulkarni, Bhakti"]
[Black "Tsolakidou, Stavroula"]
[Result "0-1"]
[WhiteTitle "IM"]
[BlackTitle "IM"]
[WhiteElo "2391"]
[BlackElo "2379"]
[WhiteFideId "5019516"]
[BlackFideId "4264312"]
[EventDate "2021.06.04"]

1. Nf3 Nf6 2. b3 d5 3. Bb2 Bf5 4. g3 e6 5. Bg2 Be7 6. O-O h6 7. c4 O-O 8. d3 c6
9. Nc3 Nbd7 10. cxd5 exd5 11. Nd4 Bh7 12. e4 dxe4 13. dxe4 Ne5 14. Nf5 Bxf5 15.
exf5 Nd3 16. Qe2 Nxb2 17. Qxb2 Qa5 18. Qc2 Rad8 19. h3 Bd6 20. Rad1 Qc5 21. Rd3
Bc7 22. g4 Rxd3 23. Qxd3 Rd8 24. Qe3 Qxe3 25. fxe3 Bb6 26. Re1 Rd3 27. Nd1 Rd2
28. Kh1 Nd7 29. e4 Ne5 30. Nc3 Bd4 31. Nb1 Rxa2 32. Rd1 c5 33. Nd2 Nd3 34. Kh2
Nf2 35. Rc1 Rxd2 36. Kg3 Nd3 37. Rb1 Be5+ 38. Kf3 Rf2+ 39. Ke3 Rxg2 40. Kxd3 b5
41. Rc1 Rg3+ 42. Ke2 Rc3 43. Rd1 Rxb3 44. Rd8+ Kh7 45. Rd7 a5 46. Rxf7 a4 47.
Re7 Bf6 48. Re6 a3 49. e5 a2 50. Ra6 Rb2+ 51. Kf3 Bxe5 52. Ke4 Bf6 53. Kd5 Rd2+
54. Ke6 a1=Q 55. Rxa1 Bxa1 0-1

[Event "Women's Speed Chess Q5"]
[Site "chess.com INT"]
[Date "2021.06.04"]
[Round "9"]
[White "Head, Louise"]
[Black "Franco Valencia, Angela"]
[Result "0-1"]
[WhiteTitle "WFM"]
[BlackTitle "WIM"]
[WhiteElo "2090"]
[BlackElo "2089"]
[WhiteFideId "424773"]
[BlackFideId "4403070"]
[EventDate "2021.06.04"]

1. d4 Nf6 2. c4 c5 3. d5 e6 4. Nc3 exd5 5. cxd5 d6 6. e4 g6 7. Bd3 Bg7 8. h3 O-O
9. Nf3 Re8 10. O-O b6 11. Re1 Ba6 12. Bg5 h6 13. Bxf6 Qxf6 14. Qa4 b5 15. Bxb5
Bxb5 16. Qxb5 Qe7 17. Rad1 Nd7 18. Qa4 Nb6 19. Qc2 Rab8 20. b3 Nd7 21. Na4 Rb4
22. Nd2 Bd4 23. Nc4 Ne5 24. Nxe5 Qxe5 25. Kh1 Qf4 26. Kg1 g5 27. Qd2 Qe5 28. g4
Qg3+ 29. Kf1 Qxh3+ 30. Kg1 Qxg4+ 31. Kf1 Be5 32. Qd3 Rd4 33. Qc2 Qh3+ 34. Ke2
Qg4+ 35. Kf1 Rxd1 36. Qxd1 Qh3+ 37. Ke2 Bd4 38. f3 Rxe4+ 39. Kd2 Rxe1 40. Qxe1
Qxf3 41. Qe7 Qf4+ 42. Kd3 Qe5 43. Qd8+ Kg7 44. b4 cxb4 45. Kc4 Ba1 46. Kxb4 Qd4+
47. Kb5 Qxd5+ 48. Ka6 Qc6+ 49. Kxa7 Qxa4+ 50. Kb7 Qb5+ 51. Kc8 Qc6+ 52. Kb8 Bf6
53. Qa5 d5 54. Qb4 Be5+ 55. Ka7 d4 56. Qa5 Qd7+ 57. Ka6 Qd6+ 58. Ka7 Qb8+ 59.
Ka6 Qa8+ 60. Kb5 Qxa5+ 0-1

[Event "Women's Speed Chess Q5"]
[Site "chess.com INT"]
[Date "2021.06.04"]
[Round "9"]
[White "Bodnaruk, Anastasia"]
[Black "Vantika, Agrawal"]
[Result "1-0"]
[WhiteTitle "IM"]
[BlackTitle "WIM"]
[WhiteElo "2446"]
[BlackElo "2286"]
[WhiteFideId "4181751"]
[BlackFideId "25050389"]
[EventDate "2021.06.04"]

1. e4 c5 2. Nc3 Nc6 3. Bb5 Nd4 4. Bc4 e6 5. Nf3 a6 6. a4 Nf6 7. O-O d5 8. exd5
e5 9. Nxe5 Bd6 10. f4 O-O 11. h3 Nd7 12. Re1 Qh4 13. d3 Nxe5 14. Rxe5 Bxe5 15.
fxe5 Qg3 16. Ne4 Qxe5 17. c3 Nf5 18. Qf1 Ng3 19. Nxg3 Qxg3 20. Bf4 Qg6 21. Qf3
Bd7 22. d6 Bc6 23. Bd5 Bxd5 24. Qxd5 b6 25. Re1 h5 26. d7 Qf6 27. Bc7 Qh4 28.
Re4 Qf6 29. Qxa8 Rxa8 30. Re8+ Kh7 31. Rxa8 Qe6 32. d8=Q Qe1+ 33. Kh2 Qd2 34.
Qd5 Qe3 35. Qe4+ Qxe4 36. dxe4 1-0

[Event "Women's Speed Chess Q5"]
[Site "chess.com INT"]
[Date "2021.06.04"]
[Round "9"]
[White "Sikorova, Olga"]
[Black "Koridze, Lile"]
[Result "0-1"]
[WhiteTitle "WGM"]
[BlackTitle "WFM"]
[WhiteElo "2215"]
[BlackElo "2016"]
[WhiteFideId "307033"]
[BlackFideId "13612514"]
[EventDate "2021.06.04"]

1. c4 e5 2. g3 Nf6 3. Bg2 d5 4. cxd5 Nxd5 5. Nc3 Nb6 6. Nf3 Nc6 7. O-O Be7 8. b3
Be6 9. Bb2 O-O 10. d3 Qd7 11. Re1 f6 12. Rc1 Rfd8 13. Nd2 Rab8 14. Nb5 a6 15.
Bxc6 bxc6 16. Nc3 c5 17. Nce4 Qb5 18. Qc2 Nd7 19. Ba3 Qa5 20. Qb2 Qb5 21. Qc3
Qb7 22. Nxc5 Nxc5 23. Bxc5 Bd6 24. Bxd6 cxd6 25. Qc6 Qb4 26. Qc3 Qb7 27. Nc4 Bh3
28. f3 Rbc8 29. Qa5 d5 30. Qb6 Qd7 31. Na5 e4 32. Nb7 Rf8 33. Nd6 Rcd8 34. Nb7
Rb8 35. Rc7 Qf5 36. dxe4 dxe4 37. f4 e3 38. Qc6 Rbe8 39. Nd6 Qa5 40. Nxe8 Qxe1# 0-1

[Event "Women's Speed Chess Q5"]
[Site "chess.com INT"]
[Date "2021.06.04"]
[Round "9"]
[White "Dzagnidze, Nana"]
[Black "Padmini, Rout"]
[Result "1-0"]
[WhiteTitle "GM"]
[BlackTitle "IM"]
[WhiteElo "2524"]
[BlackElo "2370"]
[WhiteFideId "13601903"]
[BlackFideId "5029295"]
[EventDate "2021.06.04"]

1. d4 Nf6 2. c4 c5 3. Nf3 cxd4 4. Nxd4 g6 5. Nc3 Bg7 6. e3 O-O 7. b3 d5 8. Bb2
dxc4 9. Bxc4 a6 10. O-O b5 11. Be2 Bb7 12. Bf3 Qb6 13. a4 b4 14. a5 Qa7 15. Na4
e5 16. Bxb7 Qxb7 17. Nf3 Nc6 18. Nxe5 Nxa5 19. Nc5 Qb5 20. Bd4 Rac8 21. Rc1 Nc6
22. Nxc6 Rxc6 23. Qf3 Rfc8 24. Rc4 Rxc5 25. Rxc5 Rxc5 26. Qa8+ Bf8 27. Bxf6 Rc7
28. Bd4 Qd3 29. Qd5 Rc5 30. Qd8 Rc2 31. Qf6 1-0

[Event "Women's Speed Chess Q5"]
[Site "chess.com INT"]
[Date "2021.06.04"]
[Round "9"]
[White "Nurmanova, Alua"]
[Black "Zaichenko, Daria"]
[Result "0-1"]
[WhiteTitle "WFM"]
[BlackTitle "WFM"]
[WhiteElo "2093"]
[BlackElo "2104"]
[WhiteFideId "13729390"]
[BlackFideId "4197453"]
[EventDate "2021.06.04"]

1. e4 c5 2. Nf3 Nc6 3. d4 cxd4 4. Nxd4 Nf6 5. Nc3 d6 6. Bc4 e5 7. Nf5 Bxf5 8.
exf5 Be7 9. Bg5 Nd4 10. Bxf6 Bxf6 11. Nd5 O-O 12. c3 Nxf5 13. Qf3 Nh6 14. O-O-O
Bg5+ 15. Kb1 Kh8 16. h4 Bxh4 17. Qh5 Bxf2 18. Rdf1 Bc5 19. Nf6 Be3 20. Rh3 Bf4
21. Nd5 Qd7 22. Bd3 f5 23. g3 e4 24. Nxf4 exd3 25. Nxd3 Qe8 26. Qg5 Qe2 27. Nf4
Qxf1+ 28. Kc2 Qf2+ 29. Kb3 Rf6 30. Rh1 Re8 31. Rd1 Qc5 32. Rd5 Qb6+ 33. Kc2 Ng4
34. Rd2 Ne3+ 35. Kc1 Nc4 36. Re2 Rxe2 37. Ng6+ Rxg6 0-1

[Event "Women's Speed Chess Q5"]
[Site "chess.com INT"]
[Date "2021.06.04"]
[Round "9"]
[White "Nanditha, V"]
[Black "Kanyamarala, Trisha"]
[Result "1-0"]
[WhiteTitle "WCM"]
[BlackTitle "WIM"]
[WhiteElo "1666"]
[BlackElo "2180"]
[WhiteFideId "46626697"]
[BlackFideId "45004722"]
[EventDate "2021.06.04"]

1. e4 c5 2. Nf3 d6 3. d4 cxd4 4. Nxd4 Nf6 5. Nc3 a6 6. h3 e5 7. Nde2 Nc6 8. Bg5
Be6 9. Bxf6 gxf6 10. Nd5 Rc8 11. c3 Bh6 12. Ng3 Rg8 13. Qh5 Rg6 14. Nf5 Bg5 15.
Qxh7 Bxd5 16. exd5 Ne7 17. Bd3 Nxd5 18. Ng7+ Rxg7 19. Qxg7 Nf4 20. Bf5 Rc4 21.
O-O Qb6 22. b3 Rxc3 23. Rad1 Ke7 24. Qg8 Nxh3+ 25. Bxh3 Bf4 26. Qg4 Rg3 27. Qd7+
Kf8 28. Kh1 Kg7 29. fxg3 Bxg3 30. Qg4+ Kf8 31. Qxg3 1-0

[Event "Women's Speed Chess Q5"]
[Site "chess.com INT"]
[Date "2021.06.04"]
[Round "9"]
[White "Li, Xueyi"]
[Black "Pourkashiyan, Atousa"]
[Result "1-0"]
[WhiteTitle "WGM"]
[BlackTitle "WGM"]
[WhiteElo "2303"]
[BlackElo "2322"]
[WhiteFideId "8605912"]
[BlackFideId "12502014"]
[EventDate "2021.06.04"]

1. d4 Nf6 2. Nf3 e6 3. g3 d5 4. Bg2 Be7 5. O-O O-O 6. c4 dxc4 7. Qc2 a6 8. a4
Bd7 9. Rd1 Bc6 10. Bg5 Nbd7 11. Nc3 Bxf3 12. Bxf3 c6 13. a5 h6 14. Bc1 Nd5 15.
e4 Nb4 16. Qe2 Nd3 17. Be3 Bb4 18. e5 Bxa5 19. Ne4 f5 20. Nd6 Qb6 21. Nxc4 Qd8
22. Qxd3 Bc7 23. d5 cxd5 24. Bxd5 Nxe5 25. Bxe6+ Kh8 26. Nxe5 Bxe5 27. Qxf5 Qc7
28. Qg6 Rf6 29. Qg4 Bxb2 30. Rab1 Qc2 31. Ba2 Be5 32. Rxb7 Rg6 33. Qh5 Rd6 34.
Rxd6 Bxd6 35. Bb1 Qc8 36. Qg6 Kg8 37. Qxg7# 1-0

[Event "Women's Speed Chess Q5"]
[Site "chess.com INT"]
[Date "2021.06.04"]
[Round "9"]
[White "Perez Rodriguez, Jennifer"]
[Black "Socko, Monika"]
[Result "0-1"]
[WhiteTitle "WIM"]
[BlackTitle "GM"]
[WhiteElo "2251"]
[BlackElo "2393"]
[WhiteFideId "3507831"]
[BlackFideId "1106619"]
[EventDate "2021.06.04"]

1. e4 e6 2. d4 d5 3. Bd3 dxe4 4. Bxe4 Nf6 5. Bf3 c5 6. Ne2 Nc6 7. Be3 Nd5 8.
Bxd5 Qxd5 9. Nf4 Qf5 10. dxc5 Bxc5 11. Bxc5 Qxc5 12. O-O O-O 13. Nc3 Qg5 14. Nd3
e5 15. Ne4 Qg6 16. f3 f5 17. Ng3 f4 18. Ne4 Bf5 19. Ndf2 Rad8 20. Qe2 Nd4 21.
Qc4+ Be6 22. Qa4 b5 23. Qxa7 Nxc2 24. Kh1 Nxa1 25. Rxa1 Ra8 26. Qc5 Rxa2 27.
Rxa2 Bxa2 28. Qxe5 Bc4 29. h3 Bf1 30. Ng4 h5 31. Qd5+ Kh8 32. Qc5 Rd8 33. Qc7
Rd1 34. Qc8+ Kh7 35. Nef6+ gxf6 36. Qc7+ Kh8 37. Qc8+ Qg8 38. Qc2 Rd5 39. Nxf6
Qxg2+ 40. Qxg2 Bxg2+ 41. Kxg2 Rd2+ 42. Kf1 Rxb2 43. Nxh5 b4 44. Nxf4 b3 45. Ke1
Rh2 46. Kd1 b2 0-1

[Event "Women's Speed Chess Q5"]
[Site "chess.com INT"]
[Date "2021.06.04"]
[Round "9"]
[White "Komiagina, Maria"]
[Black "Zhuravleva, Olga"]
[Result "1-0"]
[WhiteTitle "WIM"]
[BlackTitle "WIM"]
[WhiteElo "2241"]
[BlackElo "2278"]
[WhiteFideId "4153987"]
[BlackFideId "4145933"]
[EventDate "2021.06.04"]

1. e4 e5 2. Nf3 Nc6 3. Bb5 f5 4. d3 Nf6 5. Qe2 Bc5 6. h3 O-O 7. Nc3 d6 8. Bc4+
Kh8 9. Bg5 Nd4 10. Nxd4 Bxd4 11. O-O-O c6 12. Bb3 b5 13. exf5 d5 14. g4 a5 15.
a3 Qd6 16. Bd2 a4 17. Ba2 b4 18. Nb1 b3 19. cxb3 axb3 20. Bxb3 Rb8 21. Kc2 Ba6
22. Bc3 Bxc3 23. Nxc3 e4 24. Ba2 exd3+ 25. Rxd3 Rfe8 26. Qd2 Bxd3+ 27. Qxd3 Qc5
28. Kb1 Qxf2 29. Qc2 Qc5 30. g5 Ne4 31. Nxe4 Qxc2+ 32. Kxc2 Rxe4 33. b4 Re2+ 34.
Kb3 Re3+ 35. Kb2 Kg8 36. Rc1 Rb6 37. Rxc6 Re2+ 38. Kb1 Rxc6 39. Bxd5+ Kf8 40.
Bxc6 Ke7 41. Ba4 Kd6 42. Bc2 Rh2 43. f6 gxf6 44. gxf6 Rxh3 45. Kb2 Ke6 46. b5
Rh5 47. a4 Kxf6 48. b6 1-0

[Event "Women's Speed Chess Q5"]
[Site "chess.com INT"]
[Date "2021.06.04"]
[Round "9"]
[White "Bivol, Alina"]
[Black "Shuvalova, Polina"]
[Result "0-1"]
[WhiteTitle "WGM"]
[BlackTitle "IM"]
[WhiteElo "2374"]
[BlackElo "2489"]
[WhiteFideId "4100123"]
[BlackFideId "24171760"]
[EventDate "2021.06.04"]

1. e4 c6 2. d4 b5 3. Nf3 g6 4. e5 Bg7 5. Nc3 b4 6. Ne4 a5 7. Bc4 Ba6 8. Qe2 Bxc4
9. Qxc4 Qb6 10. O-O Qb5 11. Qxb5 cxb5 12. d5 Na6 13. Be3 Nh6 14. Bxh6 Bxh6 15.
d6 Rc8 16. dxe7 Kxe7 17. Nd4 Bf4 18. Nd6 Rc5 19. N4xb5 Rxc2 20. Rfe1 Rb8 21. g3
Bd2 22. Re2 Rxb2 23. Nc4 Rc2 24. Nbd6 Bc3 25. Rxc2 Bxa1 26. f4 a4 27. Rc1 Bd4+
28. Kg2 b3 29. axb3 Rxb3 30. Rd1 Bc3 31. Nc8+ Kd8 32. N8b6 Nc5 33. Rd5 Bb4 34.
Rd1 a3 35. Kh3 Bc3 36. Nd5 a2 37. Nxc3 Rxc3 38. Na5 Ra3 39. Nc6+ Kc7 40. Nd4
a1=Q 41. Rxa1 Rxa1 0-1

[Event "Women's Speed Chess Q5"]
[Site "chess.com INT"]
[Date "2021.06.04"]
[Round "9"]
[White "Torres Hernandez, Leslie Carolin"]
[Black "Varney, Zoe"]
[Result "1-0"]
[WhiteTitle "WFM"]
[BlackTitle "WCM"]
[WhiteElo "1884"]
[BlackElo "1917"]
[WhiteFideId "8400504"]
[BlackFideId "436135"]
[EventDate "2021.06.04"]

1. e4 e5 2. Nc3 Nf6 3. g3 Nc6 4. Bg2 Be7 5. Nge2 d6 6. O-O O-O 7. d3 b6 8. h3
Bb7 9. f4 Nd4 10. f5 d5 11. exd5 Nxd5 12. g4 Bc5 13. Kh2 Nxe2 14. Qxe2 Nxc3 15.
bxc3 Bxg2 16. Qxg2 Qd6 17. a4 Rad8 18. a5 Rfe8 19. axb6 axb6 20. g5 Qd5 21. Qg4
Bd6 22. c4 Qd4 23. Qxd4 exd4+ 24. Kg2 Ra8 25. Bb2 c5 26. Rxa8 Rxa8 27. Ra1 Rxa1
28. Bxa1 Bf4 29. h4 Kf8 30. Kf3 Be3 31. Ke4 Ke7 32. Kd5 Kd7 33. Bb2 Bf2 34. h5
Be3 35. g6 fxg6 36. fxg6 hxg6 37. hxg6 Bf2 38. c3 dxc3 39. Bxc3 Be3 40. Bxg7 1-0

[Event "Women's Speed Chess Q5"]
[Site "chess.com INT"]
[Date "2021.06.04"]
[Round "9"]
[White "Arakhamia-Grant, Ketevan"]
[Black "Obregon Garcia, Roxangel"]
[Result "0-1"]
[WhiteTitle "GM"]
[BlackTitle "WIM"]
[WhiteElo "2380"]
[BlackElo "2167"]
[WhiteFideId "13600168"]
[BlackFideId "3520420"]
[EventDate "2021.06.04"]

1. e4 c5 2. Nf3 Nc6 3. d4 cxd4 4. Nxd4 Nf6 5. Nc3 d6 6. Bg5 e6 7. Qd2 a6 8.
O-O-O Be7 9. f3 Bd7 10. h4 h6 11. Be3 h5 12. Bg5 b5 13. Kb1 Rc8 14. Nxc6 Bxc6
15. Bd3 Qa5 16. Rhe1 b4 17. Ne2 Bb5 18. Nd4 Bc4 19. Nb3 Qb6 20. Bxc4 Rxc4 21.
Bxf6 gxf6 22. f4 a5 23. f5 Kd7 24. fxe6+ fxe6 25. e5 fxe5 26. Rxe5 Rhc8 27. Rxa5
Rxc2 28. Qxc2 Rxc2 29. Kxc2 Bf6 30. Rd2 Qc6+ 31. Kd1 Bxh4 32. Ra6 Qc7 33. Raxd6+
Qxd6 34. Nc5+ Kc6 35. Rxd6+ Kxd6 36. Nd3 Bf6 37. Kc2 e5 38. Nxb4 e4 39. b3 Kc5
40. a3 Kd4 41. Nc6+ Ke3 42. a4 Kf2 43. a5 e3 44. Nb4 Bd4 45. Nd3+ Kxg2 46. Kd1
Kf1 47. Nf4 h4 48. Ne2 h3 0-1

[Event "Women's Speed Chess Q5"]
[Site "chess.com INT"]
[Date "2021.06.04"]
[Round "9"]
[White "February, Jesse Nikki"]
[Black "Szente Varga, Fruzsina"]
[Result "0-1"]
[WhiteTitle "WIM"]
[BlackTitle "WFM"]
[WhiteElo "1863"]
[BlackElo "2100"]
[WhiteFideId "14312336"]
[BlackFideId "712264"]
[EventDate "2021.06.04"]

1. e4 Nf6 2. e5 Nd5 3. d4 d6 4. c4 Nb6 5. f4 g6 6. Nc3 Bg7 7. Nf3 O-O 8. Be2 Nc6
9. O-O dxe5 10. fxe5 Bg4 11. Be3 e6 12. h3 Bxf3 13. Rxf3 Qd7 14. Qd2 Rad8 15.
Rd1 Ne7 16. Bg5 Rde8 17. Bh6 Nf5 18. Bxg7 Kxg7 19. g4 Ne7 20. Ne4 Rd8 21. Nf6
Qc6 22. Qg5 Ng8 23. b3 h6 24. Qh4 Nd7 25. g5 Ndxf6 26. gxh6+ Kh7 27. exf6 Qa6
28. Rd2 c5 29. d5 exd5 30. cxd5 Qa5 31. Qf4 Rfe8 32. h4 Qb4 33. h5 Qxf4 34.
hxg6+ Kxg6 35. Rxf4 Nxh6 36. Bd3+ Kg5 37. Rf3 Ng4 38. Rg2 Re1+ 39. Bf1 Rde8 40.
Rfg3 R8e4 41. Rc2 Rf4 42. Rf2 Rxf2 43. Rxg4+ Kxg4 44. Kxf2 Ra1 45. Bd3 Kg5 46.
d6 Rxa2+ 0-1